| 000 | 00635nam a22002055i 4500 | ||
|---|---|---|---|
| 001 | 171807 | ||
| 003 | ES-MaACL | ||
| 005 | 20231228210332.0 | ||
| 008 | 090602s1957 sp |||| | spa d | ||
| 080 | _a821.134.2-31"19" | ||
| 100 | 1 |
_aSolís, Ramón, _d1923-1978 _9107215 |
|
| 245 | 1 | 4 |
_aLos que no tienen paz _b: novela / _cRamón Solís. |
| 250 | _a[1ª ed.]. | ||
| 260 |
_aBarcelona : _bPlaneta, _c[1957] |
||
| 300 |
_a270 p. ; _c19 cm. |
||
| 490 | 1 | _aAutores españoles contemporáneos | |
| 830 | 0 |
_aAutores españoles contemporáneos _9180811 |
|
| 852 |
_aES-MaACL _jC-13867 _9R.41543 |
||
| 999 |
_c171807 _d171807 |
||